[Event "MCRDMZ 2018"]
[Site "Varnsdorf"]
[Date "2018.06.17"]
[Round "8.18"]
[White "Jun Rostislav (Chotebor)"]
[Black "Buchtova Viktorie (BSS F-M A)"]
[Result "0-1"]
[BlackElo "1118"]
[WhiteElo "1109"]
[LiveChessVersion "1.4.8"]

1. e4 {[%clk 0:25:18]} e5 {[%clk 0:25:18]} 2. Nf3 {[%clk 0:25:26]} Nc6
{[%clk 0:25:26]} 3. Nc3 {[%clk 0:25:34]} Nf6 {[%clk 0:25:33]} 4. Bb5
{[%clk 0:25:35]} Bb4 {[%clk 0:25:39]} 5. d3 {[%clk 0:25:44]} O-O {[%clk 0:25:45]}
6. Bg5 {[%clk 0:25:43]} d6 {[%clk 0:25:52]} 7. a3 {[%clk 0:25:44]} Ba5
{[%clk 0:25:55]} 8. b4 {[%clk 0:25:48]} Bb6 {[%clk 0:25:51]} 9. Nd5
{[%clk 0:25:39]} Bd4 {[%clk 0:25:58]} 10. Nxd4 {[%clk 0:25:12]} Nxd4
{[%clk 0:26:02]} 11. Bc4 {[%clk 0:24:47]} Kh8 {[%clk 0:23:14]} 12. Nxf6
{[%clk 0:24:38]} gxf6 {[%clk 0:23:18]} 13. Bh4 {[%clk 0:24:44]} Rg8
{[%clk 0:22:51]} 14. c3 {[%clk 0:24:35]} Ne6 {[%clk 0:22:41]} 15. Qf3
{[%clk 0:24:23]} Nf4 {[%clk 0:21:58]} 16. g3 {[%clk 0:24:14]} Bg4
{[%clk 0:20:53]} 17. Qxf4 {[%clk 0:21:19]} exf4 {[%clk 0:20:57]} 18. Bxf7
{[%clk 0:21:01]} Rg7 {[%clk 0:21:05]} 19. Bd5 {[%clk 0:21:02]} fxg3
{[%clk 0:20:27]} 20. hxg3 {[%clk 0:21:07]} Rg6 {[%clk 0:19:39]} 21. O-O
{[%clk 0:19:40]} Bf3 {[%clk 0:19:00]} 22. c4 {[%clk 0:19:38]} Qd7
{[%clk 0:18:51]} 23. Kh2 {[%clk 0:19:23]} f5 {[%clk 0:18:38]} 24. exf5
{[%clk 0:18:49]} Qxf5 {[%clk 0:18:41]} 25. Bxf3 {[%clk 0:18:57]} Qxf3
{[%clk 0:18:43]} 26. Rae1 {[%clk 0:19:00]} Qxd3 {[%clk 0:18:34]} 27. c5
{[%clk 0:18:46]} dxc5 {[%clk 0:18:16]} 28. bxc5 {[%clk 0:18:50]} Rf8
{[%clk 0:17:24]} 29. Kg2 {[%clk 0:18:03]} Qd4 {[%clk 0:16:46]} 30. Re3
{[%clk 0:17:50]} Qxh4 {[%clk 0:16:50]} 31. Rh1 Qf6 {[%clk 0:16:39]} 32. Rf1
{[%clk 0:17:42]} Qc6+ {[%clk 0:15:49]} 33. Kg1 {[%clk 0:17:17]} Rh6
{[%clk 0:15:42]} 34. f3 {[%clk 0:17:15]} Qxc5 {[%clk 0:15:46]} 35. Kf2
{[%clk 0:15:28]} Rh2+ {[%clk 0:15:46]} 36. Kg1 {[%clk 0:14:47]} Qxe3+
{[%clk 0:15:39]} 37. Kxh2 {[%clk 0:14:51]} Rxf3 {[%clk 0:15:43]} 38. Rxf3
{[%clk 0:14:49]} Qxf3 {[%clk 0:15:52]} 39. Kh3 {[%clk 0:14:58]} h5
{[%clk 0:15:56]} 40. Kh4 {[%clk 0:15:06]} Qg4# {[%clk 0:16:04]} 0-1

[Event "MCRDMZ 2018"]
[Site "Varnsdorf"]
[Date "2018.06.17"]
[Round "9.1"]
[White "Hrbek Stepan (Polabiny A)"]
[Black "Prochazka Vojtech (Unichess)"]
[Result "1-0"]
[BlackElo "1482"]
[WhiteElo "1785"]
[LiveChessVersion "1.4.8"]

1. Nf3 {[%clk 0:25:18]} Nf6 {[%clk 0:25:17]} 2. c4 {[%clk 0:25:26]} c5
{[%clk 0:25:26]} 3. Nc3 {[%clk 0:25:35]} Nc6 {[%clk 0:25:05]} 4. g3
{[%clk 0:25:43]} g6 {[%clk 0:25:14]} 5. Bg2 {[%clk 0:25:53]} Bg7 {[%clk 0:25:23]}
6. O-O {[%clk 0:26:01]} O-O {[%clk 0:24:23]} 7. d3 {[%clk 0:26:09]} d6
{[%clk 0:24:28]} 8. a3 {[%clk 0:26:17]} a6 {[%clk 0:23:34]} 9. Rb1
{[%clk 0:26:23]} Rb8 {[%clk 0:23:27]} 10. b4 {[%clk 0:23:57]} cxb4
{[%clk 0:23:25]} 11. axb4 {[%clk 0:24:06]} b5 {[%clk 0:23:34]} 12. c5
{[%clk 0:16:45]} dxc5 {[%clk 0:22:37]} 13. bxc5 {[%clk 0:16:51]} e5
{[%clk 0:18:56]} 14. Ng5 {[%clk 0:13:29]} Bd7 {[%clk 0:15:48]} 15. Nge4
{[%clk 0:12:40]} Qe7 {[%clk 0:12:58]} 16. Bg5 {[%clk 0:10:34]} Qe6
{[%clk 0:10:39]} 17. Bxf6 {[%clk 0:08:29]} Bxf6 {[%clk 0:10:45]} 18. Nd5
{[%clk 0:08:31]} Bd8 {[%clk 0:09:29]} 19. Nd6 {[%clk 0:08:40]} Ne7
{[%clk 0:08:29]} 20. Qb3 {[%clk 0:07:50]} Nxd5 {[%clk 0:06:49]} 21. Bxd5
{[%clk 0:07:53]} Qe7 {[%clk 0:06:05]} 22. f4 {[%clk 0:07:02]} exf4
{[%clk 0:02:25]} 23. Rxf4 {[%clk 0:06:19]} Be6 {[%clk 0:01:35]} 24. Nxf7
{[%clk 0:05:44]} Bxd5 {[%clk 0:00:49]} 25. Qxd5 {[%clk 0:05:49]} Rxf7
{[%clk 0:00:50]} 26. Rbf1 {[%clk 0:05:54]} Rb7 {[%clk 0:00:43]} 27. Rxf7
{[%clk 0:06:00]} Qxf7 {[%clk 0:00:28]} 28. Rxf7 {[%clk 0:06:03]} Rxf7
{[%clk 0:00:33]} 29. Qxd8+ {[%clk 0:06:12]} Kg7 {[%clk 0:00:37]} 30. c6
{[%clk 0:06:21]} b4 {[%clk 0:00:38]} 31. Qd4+ {[%clk 0:06:25]} Kg8
{[%clk 0:00:36]} 32. Qxb4 {[%clk 0:06:32]} Rc7 {[%clk 0:00:30]} 33. Qb8+
{[%clk 0:06:41]} Rc8 {[%clk 0:00:39]} 34. Qxc8+ {[%clk 0:06:47]} Kg7
{[%clk 0:00:47]} 35. Qd7+ {[%clk 0:06:54]} Kg8 {[%clk 0:00:55]} 36. c7
{[%clk 0:07:02]} a5 {[%clk 0:01:04]} 37. c8=Q# {[%clk 0:07:09]} 1-0

[Event "MCRDMZ 2018"]
[Site "Varnsdorf"]
[Date "2018.06.17"]
[Round "9.2"]
[White "Soucek Petr (Unichess)"]
[Black "Brozka Karel (Polabiny A)"]
[Result "0-1"]
[BlackElo "1735"]
[WhiteElo "1539"]
[LiveChessVersion "1.4.8"]

1. d4 {[%clk 0:25:18]} Nf6 {[%clk 0:25:10]} 2. c4 {[%clk 0:25:26]} g6
{[%clk 0:25:04]} 3. Nf3 {[%clk 0:25:32]} Bg7 {[%clk 0:25:04]} 4. g3
{[%clk 0:25:40]} O-O {[%clk 0:24:58]} 5. Bg2 {[%clk 0:25:49]} d6 {[%clk 0:24:56]}
6. Nc3 {[%clk 0:25:56]} Nbd7 {[%clk 0:24:48]} 7. O-O {[%clk 0:26:03]} e5
{[%clk 0:24:39]} 8. e4 {[%clk 0:26:01]} Ne8 {[%clk 0:24:27]} 9. d5
{[%clk 0:25:36]} f5 {[%clk 0:24:28]} 10. Ne1 {[%clk 0:25:28]} f4 {[%clk 0:23:59]}
11. Nd3 {[%clk 0:24:58]} g5 {[%clk 0:22:37]} 12. b4 {[%clk 0:21:27]} Ndf6
{[%clk 0:22:15]} 13. c5 {[%clk 0:21:04]} Bd7 {[%clk 0:21:11]} 14. b5
{[%clk 0:20:36]} Qc8 {[%clk 0:20:55]} 15. Ba3 {[%clk 0:17:11]} Bh3
{[%clk 0:18:26]} 16. f3 {[%clk 0:15:14]} h5 {[%clk 0:17:06]} 17. cxd6
{[%clk 0:13:22]} cxd6 {[%clk 0:16:59]} 18. Ne2 {[%clk 0:12:18]} Bxg2
{[%clk 0:14:31]} 19. Kxg2 {[%clk 0:12:23]} g4 {[%clk 0:14:20]} 20. Rc1
{[%clk 0:06:14]} Qd7 {[%clk 0:12:36]} 21. Nc3 {[%clk 0:06:04]} fxg3
{[%clk 0:10:13]} 22. hxg3 {[%clk 0:06:07]} gxf3+ {[%clk 0:10:05]} 23. Rxf3
{[%clk 0:05:51]} h4 {[%clk 0:09:26]} 24. gxh4 {[%clk 0:04:37]} Qg4+
{[%clk 0:08:32]} 25. Rg3 {[%clk 0:04:44]} Qxh4 {[%clk 0:06:54]} 26. Qh1
{[%clk 0:04:34]} Qxh1+ {[%clk 0:06:33]} 27. Rxh1 {[%clk 0:04:42]} Rc8
{[%clk 0:06:18]} 28. Bb4 {[%clk 0:04:20]} Rc4 {[%clk 0:05:24]} 29. Rh4
{[%clk 0:03:43]} Rf7 {[%clk 0:05:00]} 30. a3 {[%clk 0:03:33]} Rfc7
{[%clk 0:03:49]} 31. Nb2 {[%clk 0:03:02]} Rd4 {[%clk 0:03:53]} 32. Rd3
{[%clk 0:03:00]} Rxd3 {[%clk 0:03:20]} 33. Nxd3 {[%clk 0:03:07]} Kf7
{[%clk 0:03:14]} 34. Kf3 {[%clk 0:03:05]} Kg6 {[%clk 0:03:04]} 35. Rh1
{[%clk 0:02:27]} Bh6 {[%clk 0:03:08]} 36. Rg1+ {[%clk 0:02:32]} Kh7
{[%clk 0:03:00]} 37. Nf2 {[%clk 0:02:17]} Rf7 {[%clk 0:02:58]} 38. Ke2
{[%clk 0:02:22]} Nh5 {[%clk 0:04:52]} 39. Nh3 {[%clk 0:02:11]} Bf4
{[%clk 0:03:28]} 40. Kd3 {[%clk 0:02:02]} Bh6 {[%clk 0:02:56]} 41. Ne2
{[%clk 0:02:06]} Rf3+ {[%clk 0:03:01]} 42. Kc4 {[%clk 0:01:40]} Rxh3
{[%clk 0:03:07]} 43. Rf1 {[%clk 0:01:42]} Bf4 {[%clk 0:02:57]} 44. a4
{[%clk 0:01:43]} Re3 {[%clk 0:03:01]} 45. Nc3 {[%clk 0:01:50]} Nhf6
{[%clk 0:02:59]} 46. Rh1+ {[%clk 0:01:50]} Kg7 {[%clk 0:03:06]} 47. Rg1+
{[%clk 0:01:59]} Kf7 {[%clk 0:03:14]} 48. a5 {[%clk 0:01:51]} Nxe4
{[%clk 0:03:18]} 49. Nxe4 {[%clk 0:01:47]} Rxe4+ {[%clk 0:03:26]} 50. Kb3
{[%clk 0:01:55]} Rd4 {[%clk 0:03:22]} 51. Rh1 {[%clk 0:01:51]} Rxd5
{[%clk 0:03:28]} 52. Rh7+ {[%clk 0:01:54]} Ng7 {[%clk 0:03:37]} 53. b6
{[%clk 0:01:45]} axb6 {[%clk 0:03:41]} 54. axb6 {[%clk 0:01:54]} Rb5
{[%clk 0:03:48]} 55. Kc4 {[%clk 0:01:56]} Rxb6 {[%clk 0:03:55]} 56. Ba3
{[%clk 0:02:04]} Rc6+ {[%clk 0:04:00]} 57. Kd5 {[%clk 0:02:13]} Kg6
{[%clk 0:03:37]} 58. Rh1 {[%clk 0:02:21]} Nf5 {[%clk 0:03:42]} 59. Rg1+
{[%clk 0:02:27]} Kf7 {[%clk 0:03:50]} 60. Rh1 {[%clk 0:02:33]} Ra6
{[%clk 0:03:50]} 61. Bb2 {[%clk 0:02:19]} Ra4 {[%clk 0:03:45]} 62. Rh7+
{[%clk 0:02:23]} Kf6 {[%clk 0:03:43]} 63. Bxe5+ {[%clk 0:02:19]} dxe5
{[%clk 0:03:18]} 64. Rxb7 {[%clk 0:02:22]} Ne7+ {[%clk 0:03:00]} 65. Kc5
{[%clk 0:02:25]} Be3+ {[%clk 0:03:07]} 66. Kb5 {[%clk 0:02:29]} Ra2
{[%clk 0:03:10]} 67. Rd7 {[%clk 0:02:28]} Bd4 {[%clk 0:03:16]} 68. Kc4
{[%clk 0:02:32]} Be3 {[%clk 0:03:05]} 69. Rd3 {[%clk 0:02:33]} Nf5
{[%clk 0:03:11]} 70. Rb3 {[%clk 0:02:28]} e4 {[%clk 0:03:16]} 71. Kd5
{[%clk 0:02:35]} Ra4 {[%clk 0:03:20]} 72. Rb1 {[%clk 0:02:24]} Bf4
{[%clk 0:02:44]} 73. Rb6+ {[%clk 0:02:29]} Kg5 {[%clk 0:02:52]} 74. Rb1
{[%clk 0:02:31]} e3 {[%clk 0:03:01]} 75. Rg1+ {[%clk 0:02:37]} Ng3
{[%clk 0:03:09]} 76. Rb1 {[%clk 0:02:40]} e2 {[%clk 0:03:17]} 77. Kc6
{[%clk 0:02:40]} Re4 {[%clk 0:03:24]} 78. Rb5+ {[%clk 0:02:47]} Re5
{[%clk 0:03:31]} 79. Rxe5+ {[%clk 0:02:46]} Bxe5 {[%clk 0:03:40]} 80. Kd7
{[%clk 0:02:53]} e1=Q {[%clk 0:03:45]} 81. Kc6 {[%clk 0:03:00]} Bc7
{[%clk 0:03:51]} 82. Kd5 {[%clk 0:02:57]} Qe5+ {[%clk 0:03:59]} 83. Kc4
{[%clk 0:03:06]} Bb6 {[%clk 0:04:06]} 84. Kd3 {[%clk 0:03:13]} Qd4+
{[%clk 0:04:13]} 85. Kc2 {[%clk 0:03:22]} Ba5 {[%clk 0:04:20]} 86. Kb3
{[%clk 0:03:28]} Qc3+ {[%clk 0:04:28]} 87. Ka2 {[%clk 0:03:35]} Bb4
{[%clk 0:04:30]} 88. Kb1 {[%clk 0:03:44]} Ba3 {[%clk 0:04:38]} 89. Ka2
{[%clk 0:03:52]} Qb2# 0-1

[Event "MCRDMZ 2018"]
[Site "Varnsdorf"]
[Date "2018.06.17"]
[Round "9.3"]
[White "Juchelka Marek (Polabiny A)"]
[Black "Soucek Jan (Unichess)"]
[Result "1-0"]
[BlackElo "1444"]
[WhiteElo "1657"]
[LiveChessVersion "1.4.8"]

1. e4 {[%clk 0:25:17]} e5 {[%clk 0:25:19]} 2. Nf3 {[%clk 0:25:26]} Nc6
{[%clk 0:25:28]} 3. Bb5 {[%clk 0:25:34]} a6 {[%clk 0:25:38]} 4. Ba4
{[%clk 0:25:43]} Nf6 {[%clk 0:25:46]} 5. O-O {[%clk 0:25:48]} d6 {[%clk 0:25:50]}
6. Re1 {[%clk 0:25:57]} Bg4 {[%clk 0:25:57]} 7. c3 {[%clk 0:26:01]} b5
{[%clk 0:25:37]} 8. Bc2 {[%clk 0:25:57]} Be7 {[%clk 0:25:33]} 9. d3
{[%clk 0:25:57]} O-O {[%clk 0:25:37]} 10. Nbd2 {[%clk 0:26:05]} Na5
{[%clk 0:25:14]} 11. Nf1 {[%clk 0:26:00]} Qb8 {[%clk 0:24:48]} 12. h3
{[%clk 0:26:00]} Bh5 {[%clk 0:24:49]} 13. Ng3 {[%clk 0:26:06]} Bg6
{[%clk 0:24:38]} 14. d4 {[%clk 0:26:00]} c6 {[%clk 0:22:01]} 15. Nf5
{[%clk 0:25:22]} Bxf5 {[%clk 0:21:32]} 16. exf5 {[%clk 0:25:30]} Nd7
{[%clk 0:18:55]} 17. dxe5 {[%clk 0:25:11]} Nxe5 {[%clk 0:19:00]} 18. Nxe5
{[%clk 0:25:09]} dxe5 {[%clk 0:19:06]} 19. Qf3 {[%clk 0:24:48]} Bf6
{[%clk 0:18:11]} 20. Be4 {[%clk 0:21:30]} Qc7 {[%clk 0:17:00]} 21. g4
{[%clk 0:20:43]} Qd8 {[%clk 0:12:28]} 22. Qg2 {[%clk 0:20:15]} h6 23. b3
{[%clk 0:19:29]} Rc8 {[%clk 0:12:08]} 24. Be3 {[%clk 0:19:25]} Kh8
{[%clk 0:10:28]} 25. Rad1 {[%clk 0:19:14]} Qc7 {[%clk 0:09:00]} 26. g5
{[%clk 0:17:47]} hxg5 {[%clk 0:08:17]} 27. Bxg5 {[%clk 0:17:49]} Qe7
{[%clk 0:07:56]} 28. h4 {[%clk 0:17:37]} Rg8 {[%clk 0:06:23]} 29. Qg4
{[%clk 0:17:23]} g6 {[%clk 0:06:11]} 30. Kf1 {[%clk 0:16:37]} Rce8
{[%clk 0:04:52]} 31. Re3 {[%clk 0:16:01]} Rg7 {[%clk 0:03:54]} 32. Red3
{[%clk 0:15:45]} gxf5 {[%clk 0:03:12]} 33. Bxf5 {[%clk 0:15:14]} Bxg5
{[%clk 0:03:05]} 34. hxg5 {[%clk 0:14:56]} Qxg5 {[%clk 0:03:02]} 35. Rh3+
{[%clk 0:14:55]} Kg8 {[%clk 0:03:10]} 36. Bh7+ {[%clk 0:13:18]} Kf8
{[%clk 0:03:18]} 37. Qb4+ {[%clk 0:13:26]} c5 {[%clk 0:02:14]} 38. Qxc5+
{[%clk 0:13:27]} Qe7 {[%clk 0:02:18]} 39. Qxe7+ {[%clk 0:12:54]} Kxe7
{[%clk 0:02:26]} 40. Be4 {[%clk 0:12:46]} Reg8 {[%clk 0:01:58]} 41. Rd5
{[%clk 0:11:47]} Rg1+ {[%clk 0:01:59]} 42. Ke2 {[%clk 0:11:53]} f6
{[%clk 0:02:06]} 43. c4 {[%clk 0:11:40]} Rd8 {[%clk 0:01:42]} 44. Rh7+
{[%clk 0:11:04]} Ke8 {[%clk 0:00:46]} 45. Rh8+ {[%clk 0:11:13]} Ke7
{[%clk 0:00:53]} 46. Rhxd8 {[%clk 0:11:20]} Ra1 {[%clk 0:00:52]} 47. R8d7+
{[%clk 0:11:09]} Ke8 {[%clk 0:00:49]} 48. Rd8+ {[%clk 0:11:08]} Ke7
{[%clk 0:00:49]} 49. Bf5 {[%clk 0:10:58]} Rxa2+ {[%clk 0:00:55]} 50. Kf3
{[%clk 0:11:07]} e4+ {[%clk 0:00:28]} 51. Ke3 {[%clk 0:11:02]} Nxc4+
{[%clk 0:00:14]} 52. bxc4 {[%clk 0:11:10]} Ra3+ {[%clk 0:00:20]} 53. Kxe4
{[%clk 0:11:14]} 1-0

[Event "MCRDMZ 2018"]
[Site "Varnsdorf"]
[Date "2018.06.17"]
[Round "9.4"]
[White "Juhanak Daniel (Unichess)"]
[Black "Stocek Martin (Polabiny A)"]
[Result "0-1"]
[BlackElo "1481"]
[WhiteElo "1504"]
[LiveChessVersion "1.4.8"]

1. d4 {[%clk 0:25:16]} Nf6 {[%clk 0:25:19]} 2. Nf3 {[%clk 0:25:20]} d6
{[%clk 0:25:26]} 3. g3 {[%clk 0:25:02]} g6 {[%clk 0:25:34]} 4. Bg2
{[%clk 0:24:44]} Bg7 {[%clk 0:25:37]} 5. c4 {[%clk 0:24:25]} O-O {[%clk 0:25:40]}
6. O-O {[%clk 0:24:29]} Nbd7 {[%clk 0:25:41]} 7. Nc3 {[%clk 0:24:13]} e5
{[%clk 0:25:13]} 8. d5 {[%clk 0:23:43]} Ne8 {[%clk 0:24:47]} 9. e4
{[%clk 0:22:22]} Nc5 {[%clk 0:23:07]} 10. b4 {[%clk 0:20:38]} Nd7
{[%clk 0:18:42]} 11. Be3 {[%clk 0:18:26]} f5 {[%clk 0:16:02]} 12. Bg5
{[%clk 0:16:37]} Ndf6 {[%clk 0:15:53]} 13. Re1 {[%clk 0:14:44]} Qe7
{[%clk 0:14:30]} 14. Qc1 {[%clk 0:11:04]} Qf7 {[%clk 0:13:56]} 15. h3
{[%clk 0:09:28]} fxe4 {[%clk 0:13:46]} 16. Nxe4 {[%clk 0:09:18]} Nxe4
{[%clk 0:13:20]} 17. Rxe4 {[%clk 0:09:23]} Bf5 {[%clk 0:11:18]} 18. Nd2
{[%clk 0:05:36]} Bxe4 {[%clk 0:09:35]} 19. Nxe4 {[%clk 0:05:21]} Nf6
{[%clk 0:09:35]} 20. Nc3 {[%clk 0:03:40]} Nh5 {[%clk 0:08:23]} 21. Be3
{[%clk 0:02:14]} Nf6 {[%clk 0:07:34]} 22. h4 {[%clk 0:01:36]} Rae8
{[%clk 0:06:13]} 23. Bh3 {[%clk 0:01:18]} a6 {[%clk 0:05:40]} 24. Be6
{[%clk 0:01:11]} Rxe6 {[%clk 0:05:48]} 25. dxe6 {[%clk 0:01:18]} Qxe6
{[%clk 0:05:50]} 26. Ne2 {[%clk 0:00:49]} Ng4 {[%clk 0:05:41]} 27. c5
{[%clk 0:00:40]} d5 {[%clk 0:05:17]} 28. f4 {[%clk 0:00:11]} d4 {[%clk 0:04:44]}
29. Bd2 {[%clk 0:00:18]} e4 {[%clk 0:04:28]} 30. Kh1 0-1

[Event "MCRDMZ 2018"]
[Site "Varnsdorf"]
[Date "2018.06.17"]
[Round "9.5"]
[White "Trasakova Adela (Polabiny A)"]
[Black "Hroch Matej (Unichess)"]
[Result "1-0"]
[BlackElo "1398"]
[WhiteElo "1611"]
[LiveChessVersion "1.4.8"]

1. d4 {[%clk 0:25:17]} Nf6 {[%clk 0:25:01]} 2. Bf4 {[%clk 0:25:23]} g6
{[%clk 0:24:52]} 3. Nd2 {[%clk 0:25:25]} Bg7 {[%clk 0:24:49]} 4. c3
{[%clk 0:25:31]} O-O {[%clk 0:24:54]} 5. e4 {[%clk 0:25:38]} d6 {[%clk 0:25:00]}
6. Ngf3 {[%clk 0:25:31]} c5 {[%clk 0:23:25]} 7. Bc4 {[%clk 0:24:53]} Nc6
{[%clk 0:22:23]} 8. O-O {[%clk 0:24:31]} h6 {[%clk 0:20:23]} 9. h3
{[%clk 0:22:41]} Qb6 {[%clk 0:19:35]} 10. dxc5 {[%clk 0:18:34]} dxc5
{[%clk 0:18:52]} 11. Qc2 {[%clk 0:17:14]} Be6 {[%clk 0:15:22]} 12. Bxe6
{[%clk 0:16:17]} fxe6 {[%clk 0:15:19]} 13. Rad1 {[%clk 0:13:43]} Nh5
{[%clk 0:13:46]} 14. Be3 {[%clk 0:10:42]} Ne5 {[%clk 0:09:40]} 15. b4
{[%clk 0:08:20]} Nd7 {[%clk 0:07:05]} 16. Nb3 {[%clk 0:07:38]} Rad8
{[%clk 0:04:42]} 17. Nxc5 {[%clk 0:07:24]} Nxc5 {[%clk 0:04:21]} 18. Bxc5
{[%clk 0:07:30]} Qc7 {[%clk 0:04:18]} 19. Nd4 {[%clk 0:06:22]} Bxd4
{[%clk 0:03:51]} 20. Rxd4 {[%clk 0:05:41]} b6 {[%clk 0:03:36]} 21. Rxd8
{[%clk 0:05:45]} Rxd8 {[%clk 0:03:25]} 22. Bd4 {[%clk 0:05:36]} Rxd4
{[%clk 0:03:03]} 23. e5 {[%clk 0:04:49]} Rd5 {[%clk 0:00:58]} 24. Qxg6+
{[%clk 0:04:48]} Ng7 {[%clk 0:01:02]} 25. Qxh6 {[%clk 0:02:48]} Qxe5
{[%clk 0:00:56]} 26. g4 {[%clk 0:01:43]} Qg5 {[%clk 0:00:56]} 27. Qxg5
{[%clk 0:01:34]} Rxg5 {[%clk 0:01:04]} 28. f3 {[%clk 0:01:28]} e5
{[%clk 0:00:58]} 29. h4 {[%clk 0:01:26]} Rg6 {[%clk 0:01:02]} 30. Re1
{[%clk 0:01:31]} Re6 {[%clk 0:01:06]} 31. Kg2 {[%clk 0:01:29]} Kf7
{[%clk 0:01:10]} 32. Kg3 {[%clk 0:01:31]} Kf6 {[%clk 0:01:08]} 33. Re4
{[%clk 0:01:08]} Rc6 {[%clk 0:00:51]} 34. Re3 {[%clk 0:01:03]} Rc4
{[%clk 0:00:47]} 35. a3 {[%clk 0:00:49]} a6 {[%clk 0:00:49]} 36. Kh3
{[%clk 0:00:30]} b5 {[%clk 0:00:50]} 37. Kg3 {[%clk 0:00:37]} Rf4
{[%clk 0:00:42]} 38. h5 {[%clk 0:00:37]} Kg5 {[%clk 0:00:38]} 39. Rxe5+
{[%clk 0:00:44]} Kf6 {[%clk 0:00:41]} 40. Kxf4 {[%clk 0:00:52]} Ne6+
{[%clk 0:00:47]} 41. Rxe6+ {[%clk 0:00:56]} Kxe6 {[%clk 0:00:56]} 42. Ke4
{[%clk 0:00:58]} Kf6 {[%clk 0:01:04]} 43. f4 {[%clk 0:01:02]} e6 {[%clk 0:01:11]}
44. g5+ {[%clk 0:01:09]} Kg7 {[%clk 0:01:20]} 45. Ke5 {[%clk 0:01:18]} Kf7
{[%clk 0:01:29]} 46. g6+ {[%clk 0:01:24]} Ke7 {[%clk 0:01:38]} 47. h6
{[%clk 0:01:33]} Kf8 {[%clk 0:01:46]} 48. Kxe6 {[%clk 0:01:41]} a5
{[%clk 0:01:56]} 49. f5 {[%clk 0:01:29]} a4 {[%clk 0:02:03]} 50. h7
{[%clk 0:01:33]} Kg7 {[%clk 0:02:10]} 51. f6+ {[%clk 0:01:42]} Kh8
{[%clk 0:02:18]} 52. g7+ {[%clk 0:01:49]} Kxh7 {[%clk 0:02:26]} 53. Ke7
{[%clk 0:01:55]} Kg8 {[%clk 0:02:34]} 54. f7+ {[%clk 0:02:04]} Kxg7
{[%clk 0:02:43]} 55. f8=Q+ {[%clk 0:02:11]} Kg6 {[%clk 0:02:51]} 56. Ke6
{[%clk 0:02:17]} Kg5 {[%clk 0:02:59]} 57. Ke5 {[%clk 0:02:26]} Kg4
{[%clk 0:03:08]} 58. Qf5+ {[%clk 0:02:32]} Kg3 {[%clk 0:03:17]} 59. Ke4
{[%clk 0:02:40]} Kg2 {[%clk 0:03:26]} 60. Ke3 {[%clk 0:02:47]} Kg3
{[%clk 0:03:34]} 61. Qg5+ {[%clk 0:02:55]} Kh2 {[%clk 0:03:41]} 62. Kf2
{[%clk 0:03:04]} Kh1 {[%clk 0:03:49]} 63. Qg2# {[%clk 0:03:13]} 1-0

[Event "MCRDMZ 2018"]
[Site "Varnsdorf"]
[Date "2018.06.17"]
[Round "9.6"]
[White "Dobsa Emma (Unichess)"]
[Black "Stary Vojtech (Polabiny A)"]
[Result "1/2-1/2"]
[BlackElo "1290"]
[WhiteElo "1400"]
[LiveChessVersion "1.4.8"]

1. e4 {[%clk 0:25:18]} e5 {[%clk 0:25:19]} 2. Nf3 {[%clk 0:25:25]} Nc6
{[%clk 0:25:27]} 3. Bc4 {[%clk 0:25:34]} Bc5 {[%clk 0:25:35]} 4. c3
{[%clk 0:25:41]} Nf6 {[%clk 0:25:43]} 5. d4 {[%clk 0:25:49]} exd4
{[%clk 0:25:50]} 6. e5 {[%clk 0:25:58]} d5 {[%clk 0:25:57]} 7. Bb5
{[%clk 0:26:05]} Ne4 {[%clk 0:24:55]} 8. cxd4 {[%clk 0:25:55]} Bb6
{[%clk 0:24:59]} 9. Nbd2 {[%clk 0:25:03]} Bf5 {[%clk 0:24:45]} 10. O-O
{[%clk 0:24:23]} O-O {[%clk 0:24:48]} 11. Nxe4 {[%clk 0:23:26]} Bxe4
{[%clk 0:24:37]} 12. Bg5 {[%clk 0:21:43]} Bxf3 {[%clk 0:23:02]} 13. Bxd8
{[%clk 0:19:29]} Bxd1 {[%clk 0:23:09]} 14. Bxc6 {[%clk 0:19:23]} bxc6
{[%clk 0:23:12]} 15. Be7 {[%clk 0:19:18]} Rfe8 {[%clk 0:23:13]} 16. Raxd1
{[%clk 0:18:54]} Rxe7 {[%clk 0:23:18]} 17. b4 {[%clk 0:18:18]} a5
{[%clk 0:23:11]} 18. a3 {[%clk 0:18:16]} axb4 {[%clk 0:23:12]} 19. axb4
{[%clk 0:18:23]} Ra4 {[%clk 0:23:10]} 20. Ra1 {[%clk 0:18:05]} Rxa1
{[%clk 0:23:04]} 21. Rxa1 {[%clk 0:18:10]} h6 {[%clk 0:23:13]} 22. Rd1
{[%clk 0:18:06]} f6 {[%clk 0:22:58]} 23. f4 {[%clk 0:17:51]} Kf7 {[%clk 0:22:33]}
24. Kf1 {[%clk 0:17:32]} g5 {[%clk 0:22:25]} 25. g3 {[%clk 0:17:28]} Re8
{[%clk 0:21:50]} 26. Kg2 {[%clk 0:17:22]} Ra8 {[%clk 0:21:55]} 27. Kf3
{[%clk 0:16:51]} Ra4 {[%clk 0:21:39]} 28. f5 {[%clk 0:16:51]} Rxb4
{[%clk 0:21:25]} 29. e6+ {[%clk 0:16:56]} Ke7 {[%clk 0:21:33]} 30. Ke3
{[%clk 0:16:43]} Rb3+ {[%clk 0:21:14]} 31. Rd3 {[%clk 0:16:12]} Rxd3+
{[%clk 0:20:58]} 32. Kxd3 {[%clk 0:16:12]} c5 {[%clk 0:20:09]} 33. dxc5
{[%clk 0:16:02]} Bxc5 {[%clk 0:20:16]} 34. g4 {[%clk 0:16:04]} Kd8
{[%clk 0:19:56]} 35. Kc3 {[%clk 0:15:58]} Be7 {[%clk 0:20:02]} 36. Kd4
{[%clk 0:16:01]} c6 {[%clk 0:20:09]} 37. h3 {[%clk 0:15:58]} Kc7 {[%clk 0:20:14]}
38. Kc3 {[%clk 0:16:02]} c5 {[%clk 0:20:14]} 39. Kd3 {[%clk 0:16:01]} Kb6
{[%clk 0:20:22]} 40. Kc3 {[%clk 0:16:08]} Kb5 {[%clk 0:20:23]} 41. Kb3
{[%clk 0:16:14]} d4 {[%clk 0:20:27]} 42. Kc2 {[%clk 0:16:18]} Kc4
{[%clk 0:20:25]} 43. Kd2 {[%clk 0:16:19]} Kb3 {[%clk 0:20:29]} 44. Kd3
{[%clk 0:16:25]} c4+ {[%clk 0:20:18]} 45. Kxd4 {[%clk 0:16:32]} c3
{[%clk 0:20:26]} 46. Kd5 {[%clk 0:16:41]} c2 {[%clk 0:20:31]} 47. Kc6
{[%clk 0:16:49]} c1=Q+ {[%clk 0:20:36]} 48. Kd7 {[%clk 0:16:56]} Qc5
{[%clk 0:20:43]} 49. Ke8 {[%clk 0:17:03]} Qc8+ {[%clk 0:20:41]} 50. Kxe7
{[%clk 0:17:07]} Qc3 {[%clk 0:20:38]} 51. Kf7 {[%clk 0:17:11]} Qc7+
{[%clk 0:20:35]} 52. e7 {[%clk 0:17:17]} Kc4 {[%clk 0:20:31]} 53. Kf8
{[%clk 0:17:17]} Qd6 {[%clk 0:20:39]} 54. Kf7 {[%clk 0:17:22]} Qd7
{[%clk 0:20:42]} 55. Kf8 {[%clk 0:17:29]} 1/2-1/2